000 01291nam0a22003251 4500
001 RU\INFOCOMM_322\NLR\5000186336
005 20250613110824.0
035 _a(NLR Aleph) 009575403
090 _a9156298
_c9156298
100 _a20130219d1980 |||y0rusy50 ca
101 0 _aeng
_drus
102 _aRU
105 _ay z |||||
200 1 _aMeasurement of SU(3) symmetry violation in the quark jet
_eFermilab-IHEP-ITEP-Michigan univ. collab.
_fV. V. Ammosov, A. G. Denisov, P. F. Ermolov et al.
210 _aSerpukhov
_cИн-т физики высоких энергий
_d1980
215 _a8 с.
_cграф.
_d25 см
225 1 _aInstitute for high energy physics
_vИФВЭ ОНФ 80-84, SERP-E-180
300 _aНа обороте тит. л.: Измерение нарушения SU(3)-симметрии в кварковой струе / Аммосов В. В. и др.
300 _aРез. на рус. яз.
320 _aБиблиогр.: с. 7
606 0 _aКварки (физ.)
_2nlr_sh1
620 _aСерпухов
686 _aВ382.14
_2rubbk
686 _aВ382.143
_2rubbk
701 1 _aAmmosov
_bV. V.
_gVladimir Vasil'evič
801 1 _aRU
_bInfocomm
_c20130219
801 0 _aRU
_bINFOCOMM
_gPSBO
852 _aNLR
_jФз01 Д-8/386
942 _cBOOK
980 _aNB